Σάρα Μπερνάρ : το γέλιο χωρίς τελειωμό
Αποθηκεύτηκε σε:
| Κύριος συγγραφέας: | |
|---|---|
| Μορφή: | Βιβλίο |
| Γλώσσα: | Greek French |
| Δημοσίευση: |
Αθήνα :
Σ. Ι. Ζαχαρόπουλος,
c1988.
|
| Έκδοση: | 3η έκδ. |
| Θέματα: | |
| Ετικέτες: |
Προσθήκη ετικέτας
Δεν υπάρχουν, Καταχωρήστε ετικέτα πρώτοι!
|
MARC
| LEADER | 00000cam a2200000 a 4500 | ||
|---|---|---|---|
| 001 | 1/113657 | ||
| 008 | 170405s1988####gr | ||| |||| ||gre|| | ||
| 040 | |a GR-MyUa |b gre |c GR-MyUa |e AACR2 | ||
| 041 | 1 | |a gre |h fre | |
| 082 | 7 | |a 843 |2 (23) | |
| 100 | 1 | |a Sagan, Francoise, |d 1935-2004. | |
| 245 | 1 | 0 | |a Σάρα Μπερνάρ : |b το γέλιο χωρίς τελειωμό / |c Φρανσουάζ Σαγκάν ; μετάφραση Γιώργος Ν. Δρόσος. |
| 250 | |a 3η έκδ. | ||
| 260 | |a Αθήνα : |b Σ. Ι. Ζαχαρόπουλος, |c c1988. | ||
| 300 | |a 288 σ. : |b εικ. ; |c 21 εκ. | ||
| 500 | |a Τίτλος πρωτοτύπου: Sarah Bernhardt : le rire incassable. | ||
| 600 | 1 | 0 | |a Bernhardt, Sarah, |d 1844-1923 |v Fiction. |
| 650 | 0 | |a French fiction. | |
| 852 | |a INST |b SYROS |e 20170405 |h 843 SAG |p 005500012978 |q 005500012978 |t BK |y 0 | ||
| 970 | |a Κοντού |b Παρασκευή |z 015/04/2017 | ||